Jacques Frémeaux, Les Colonies dans la Grande Guerre. Combats et épreuves des peuples d’outre-mer, Saint-Cloud, 14-18 Éditions (diff. Belin), 2006, 393 p., 2 cartes. (notice n° 1651284)
[ vue normale ]
| 000 -LEADER | |
|---|---|
| fixed length control field | 00595cam a2200145 4500500 |
| 005 - DATE AND TIME OF LATEST TRANSACTION | |
| control field | 20260208005243.0 |
| 041 ## - LANGUAGE CODE | |
| Language code of text/sound track or separate title | fre |
| 042 ## - AUTHENTICATION CODE | |
| Authentication code | dc |
| 100 10 - MAIN ENTRY--PERSONAL NAME | |
| Personal name | Cochet, François |
| Relator term | author |
| 245 00 - TITLE STATEMENT | |
| Title | Jacques Frémeaux, Les Colonies dans la Grande Guerre. Combats et épreuves des peuples d’outre-mer, Saint-Cloud, 14-18 Éditions (diff. Belin), 2006, 393 p., 2 cartes. |
| 260 ## - PUBLICATION, DISTRIBUTION, ETC. | |
| Date of publication, distribution, etc. | 2007.<br/> |
| 500 ## - GENERAL NOTE | |
| General note | 42 |
| 786 0# - DATA SOURCE ENTRY | |
| Note | Revue historique | 642 | 2 | 2007-06-01 | p. 379zq-501zq | 0035-3264 |
| 856 41 - ELECTRONIC LOCATION AND ACCESS | |
| Uniform Resource Identifier | <a href="https://shs.cairn.info/revue-historique-2007-2-page-379zq?lang=fr&redirect-ssocas=7080">https://shs.cairn.info/revue-historique-2007-2-page-379zq?lang=fr&redirect-ssocas=7080</a> |
Pas d'exemplaire disponible.




Réseaux sociaux